[Event "Open"]
[Site "Baku AZE"]
[Date "2010.08.26"]
[Round "4"]
[White "Agasiyev,Ka"]
[Black "Abasov,N"]
[Result "1/2-1/2"]
[WhiteElo "2203"]
[BlackElo "2517"]

1.e4 c5 2.Nf3 d6 3.Bb5+ Bd7 4.Bxd7+ Qxd7 5.O-O Nc6 6.c3 Nf6 7.Re1 e6 8.d3 Be7
9.Nbd2 O-O 10.Nf1 b5 11.Ng3 b4 12.cxb4 Nxb4 13.d4 cxd4 14.Nxd4 Rfc8 15.a3 Nc6
16.Nxc6 Qxc6 17.Be3 Nxe4 18.Rc1 Qb7 19.Rxc8+ Rxc8 20.Nxe4 Qxe4 21.Bxa7 Qb7
22.Bd4 e5 23.Bc3 f6 24.Qd3 d5 25.b4 d4 26.Bd2 Qd5 27.f3 Qa2 28.Rc1 Ra8 29.Rc2 Qxa3
30.Rc8+ Kf7 31.Qc4+ Kg6 32.Qc2+ Kf7 33.Qc4+ Kg6  1/2-1/2

[Event "9th Open"]
[Site "Istanbul TUR"]
[Date "2010.08.26"]
[Round "7"]
[White "Karpatchev,A"]
[Black "Gasanov,E"]
[Result "1/2-1/2"]
[WhiteElo "2476"]
[BlackElo "2482"]

1.e4 c5 2.Nf3 d6 3.Bb5+ Bd7 4.Bxd7+ Qxd7 5.O-O Nc6 6.c3 Nf6 7.d4 Nxe4 8.d5 Ne5
9.Re1 Nf6 10.Nxe5 dxe5 11.c4 e6 12.dxe6 Qxe6 13.Qa4+ Nd7 14.Nc3 Qc6 15.Qxc6 bxc6
16.f4 f6 17.fxe5 Nxe5 18.Bf4 Bd6 19.Ne4 Bc7 20.Nxc5 Kf7 21.Kf1 Bd6 22.Nb7 Bb4
23.Red1 Rab8 24.Bxe5 Rxb7  1/2-1/2

[Event "ch-RUS Higher League w"]
[Site "St Petersburg RUS"]
[Date "2010.08.26"]
[Round "1"]
[White "Stepovaia,T"]
[Black "Suslova,A"]
[Result "1-0"]
[WhiteElo "2375"]
[BlackElo "2210"]

1.e4 c5 2.Nf3 d6 3.Bb5+ Bd7 4.Bxd7+ Qxd7 5.c4 e5 6.d3 g6 7.Nc3 Bg7 8.O-O Ne7
9.a3 Nbc6 10.Rb1 O-O 11.b4 f5 12.Nd5 fxe4 13.dxe4 Nd4 14.Nxd4 cxd4 15.Qd3 Rac8
16.Bd2 Rf7 17.b5 h6 18.a4 g5 19.Rbc1 Ng6 20.f3 Nf8 21.Bb4 Ne6 22.a5 Kh8 23.Qa3 Bf8
24.g3 Nc5 25.Rc2 Be7 26.Rcf2 Rg8 27.Kh1 h5 28.Bxc5 dxc5 29.a6 b6 30.f4 gxf4
31.gxf4 Bh4 32.Qf3 Qg4 33.Rg2 Qxf3 34.Rxf3 Rg4 35.h3 Rxg2 36.Kxg2 Rg7+ 37.Kf1 Rf7
38.Ke2 Rg7 39.fxe5 Rg2+ 40.Kf1 Rc2 41.e6 Rxc4 42.e7 Rc1+ 43.Ke2 Bxe7 44.Nxe7 c4
45.Nc6 d3+ 46.Kd2 Rc2+ 47.Kd1 Rb2 48.Nd4 Rg2 49.e5 Rg5 50.e6 Re5 51.Rf8+ Kg7
52.Rc8  1-0

[Event "1st Fermo Festival"]
[Site "Porto San Giorgio ITA"]
[Date "2010.08.27"]
[Round "7"]
[White "David,Alb"]
[Black "Calavalle,G"]
[Result "1-0"]
[WhiteElo "2622"]
[BlackElo "2201"]

1.e4 c5 2.Nf3 d6 3.Bb5+ Bd7 4.Bxd7+ Qxd7 5.c4 Nc6 6.Nc3 g6 7.d4 cxd4 8.Nxd4 Bg7
9.Be3 Nf6 10.f3 O-O 11.O-O Rfd8 12.Rc1 Rac8 13.b3 e6 14.Re1 Ne8 15.Nde2 Nc7
16.Qd2 b6 17.Bg5 Ne7 18.Rcd1 Qe8 19.Qf4 Rd7 20.Rxd6 Ned5 21.exd5 e5 22.Qh4 Rxd6
23.Ne4 Rd7 24.Nf6+ Bxf6 25.Bxf6 Qf8 26.Ng3 Qc5+ 27.Kf1 Ne8 28.Ne4 Qd4 29.Qg5 Nd6
30.Bxe5 Nxe4 31.fxe4 Qd3+ 32.Kg1 f6 33.Qxf6 Rf8 34.Qh8+ Kf7 35.Qxh7+ Ke8
36.Qxg6+ Kd8 37.Qg5+ Kc8 38.Qh6  1-0

[Event "9th Open"]
[Site "Istanbul TUR"]
[Date "2010.08.28"]
[Round "9"]
[White "Duman,A"]
[Black "Annaberdiev,M"]
[Result "0-1"]
[WhiteElo "2227"]
[BlackElo "2476"]

1.e4 c5 2.Nf3 d6 3.Bb5+ Nc6 4.O-O Bd7 5.Re1 a6 6.Bf1 Nf6 7.h3 e6 8.c3 Be7
9.d4 cxd4 10.cxd4 d5 11.e5 Ne4 12.Nbd2 Nxd2 13.Bxd2 Qb6 14.Bc3 Na7 15.Qd2 Nc6
16.Rac1 a5 17.Qf4 Nb4 18.a3 Na2 19.Rb1 Nxc3 20.bxc3 Qc7 21.Qc1 O-O 22.Re3 b5
23.h4 Rfc8 24.Nd2 b4 25.axb4 axb4 26.Nb3 Qa7 27.Ra1 Qb8 28.Rb1 Bb5 29.Bxb5 Qxb5
30.g3 Ra2 31.Rb2 Ra4 32.Qd2 g6 33.Rc2 Qc4 34.Nc1 Ra1 35.Rf3 b3 36.Rb2 Ba3
37.Kh2 Qf1 38.Qf4 Rf8  0-1

[Event "1st Fermo Festival"]
[Site "Porto San Giorgio ITA"]
[Date "2010.08.28"]
[Round "8"]
[White "Fierro Baquero,M"]
[Black "Martinez,Rol"]
[Result "1/2-1/2"]
[WhiteElo "2372"]
[BlackElo "2429"]

1.e4 c5 2.Nf3 d6 3.Bb5+ Nc6 4.O-O Bd7 5.c3 Nf6 6.Re1 a6 7.Ba4 b5 8.Bc2 e5
9.d3 g6 10.Nbd2 Bg7 11.Nf1 O-O 12.Bg5 h6 13.Bh4 Qb8 14.Ne3 Re8 15.a3 Ra7
16.Bb3 Be6 17.Rc1 Rb7 18.h3 Nh5 19.Bd5 Rc7 20.Nh2 Nf4 21.Nhg4 g5 22.Bg3 Ne7
23.c4 Qc8 24.Bxe6 fxe6 25.h4 Nc6 26.hxg5 hxg5 27.Nh2 Nd4 28.Nc2 Rf8 29.Re3 Qe8
30.cxb5 axb5 31.Bxf4 exf4 32.Rh3 Qg6 33.Qg4 Be5 34.Nxd4 Bxd4 35.Nf3 Bxb2
36.Rb1 Bf6 37.Qxe6+ Qf7 38.Qg4 Qd7 39.Qxd7 Rxd7 40.Rh5 g4 41.Nh4 Ra8 42.Rxb5 Rxa3
43.Rb8+ Rd8 44.Rb7 g3 45.fxg3 fxg3 46.Kf1 Bxh4 47.Rxh4 Rf8+ 48.Ke2 Rf2+ 49.Ke3 Raa2
50.Rg4+ Kf8 51.Rf4+ Ke8 52.Rxf2 Rxf2 53.Rg7 Rxg2 54.Kf3 Rd2 55.Ke3 Rg2  1/2-1/2

[Event "TCh-SUI 2010"]
[Site "Switzerland SUI"]
[Date "2010.08.28"]
[Round "6.4"]
[White "Drabke,L"]
[Black "Schiendorfer,E"]
[Result "1-0"]
[WhiteElo "2439"]
[BlackElo "2343"]

1.e4 c5 2.Nf3 d6 3.Bb5+ Bd7 4.Bxd7+ Nxd7 5.O-O Ngf6 6.d3 e6 7.Ng5 Be7 8.f4 O-O
9.Qe2 b5 10.Nc3 b4 11.Nd1 h6 12.Nh3 Rc8 13.Ne3 Qb6 14.Kh1 Qc6 15.f5 e5 16.Nf2 d5
17.exd5 Nxd5 18.Nxd5 Qxd5 19.b3 Rfe8 20.Bb2 Bg5 21.Rae1 Bh4 22.Qg4 Bxf2 23.Rxf2 Rc6
24.a4 Kh7 25.Kg1 Rd6 26.Rfe2 Rf6 27.Re3 g6 28.fxg6+ Rxg6 29.Qf3 Qxf3 30.Rxf3 Kg7
31.d4 cxd4 32.Bxd4 a6 33.Bb2 Rc8 34.c3 bxc3 35.Bxc3 Re6 36.Rd3 Nc5 37.Rg3+ Kh7
38.Rxe5 Ne4 39.Rxe6 Nxg3 40.Re3 Rxc3 41.Rxg3 Rc2 42.h3 Rb2 43.Kh2 f6 44.h4 h5
45.Rf3 Kg6 46.Kg3 a5 47.Rc3 Rd2 48.Kf3 Rd4 49.g3 Rb4 50.Kf2 Rb8 51.Ke3 Rb7
52.Ke4 Rb8 53.Rf3 Rb7 54.Kd4 Kf7 55.Kd5 Rb8 56.Re3 Kg6 57.Rf3 Kf7 58.Rd3 Rb4
59.Rc3 Kg6 60.Kc6 Rb8 61.Rf3 Rb4 62.Kc7 Kf7 63.Rd3 Kg6 64.Rf3 Kf7 65.Rd3 Kg6
66.Rc3 Kf7 67.Rc5 Rxb3 68.Rxh5 Rxg3 69.Rxa5 Ke6 70.Ra8 Rg4 71.a5 Rxh4 72.a6 Ra4
73.Kb6 Ke5 74.Re8+ Kd4 75.Rf8 Ke5 76.a7 f5 77.a8=Q Rxa8 78.Rxa8 Kd4 79.Rf8 Ke4
80.Kc5 f4 81.Kc4 Ke3 82.Kc3 f3 83.Re8+ Kf2 84.Kd2 Kg1 85.Ke3 f2 86.Rg8+  1-0

[Event "TCh-SRB 1st League"]
[Site "Vrnjacka Banja SRB"]
[Date "2010.08.28"]
[Round "8"]
[White "Kovacevic,Draga"]
[Black "Stankovic,Milo"]
[Result "0-1"]
[WhiteElo "2282"]
[BlackElo "2331"]

1.e4 c5 2.Nf3 d6 3.Bb5+ Bd7 4.Bxd7+ Qxd7 5.O-O Nf6 6.Re1 Nc6 7.d4 cxd4 8.Nxd4 g6
9.Nxc6 Qxc6 10.Nc3 Rc8 11.Qd4 Bg7 12.Qxa7 O-O 13.h3 Ra8 14.Qe3 Rfc8 15.Re2 e6
16.a4 Nd7 17.Nb5 Nc5 18.Ra3 Rd8 19.b3 f5 20.exf5 exf5 21.Qf3 Re8 22.Rxe8+ Rxe8
23.Be3 Ne4 24.Qd1 Nc3 25.Nxc3 Qxc3 26.Qd3 Qe1+ 27.Kh2 Be5+ 28.g3 f4 29.gxf4 Bxf4+
30.Kg2 Bxe3 31.fxe3 Rf8 32.Qc4+ Kg7 33.Qd4+ Rf6 34.Ra1 Qe2+ 35.Kg1 Qf2+ 36.Kh1 Qf3+
37.Kh2 Qf2+ 38.Kh1 Qg3 39.Qg4 Qxe3 40.Rd1 h5 41.Qd4 Qxh3+ 42.Kg1 Qg3+ 43.Kh1 Qf3+
44.Kg1 Kh7 45.Rd2 Qf1+ 46.Kh2 Rf4 47.Qxd6 Rh4+ 48.Kg3 Rg4+ 49.Kh2 Qg1+ 50.Kh3 Rh4+  0-1

[Event "Open"]
[Site "Baku AZE"]
[Date "2010.08.29"]
[Round "7"]
[White "Abbasov,Amil"]
[Black "Shanava,K"]
[Result "0-1"]
[WhiteElo "2052"]
[BlackElo "2556"]

1.e4 c5 2.Nf3 d6 3.Bb5+ Nd7 4.O-O a6 5.Bxd7+ Bxd7 6.c3 c4 7.d4 cxd3 8.Qxd3 Qc7
9.Re1 e5 10.Nbd2 Nf6 11.Nf1 h6 12.h3 Be7 13.Ng3 Be6 14.b3 g5 15.c4 Rg8 16.Nf5 Bxf5
17.exf5 g4 18.hxg4 Rxg4 19.Nh2 Rg8 20.Bxh6 O-O-O 21.Rad1 Kb8 22.Qf3 Ka8 23.Rc1 e4
24.Qe3 Rh8 25.Bg7 Rxh2 26.Bxf6 Rh5 27.Bxe7 Qxe7 28.Qxe4 Qxe4  0-1

[Event "Open"]
[Site "Baku AZE"]
[Date "2010.08.29"]
[Round "7"]
[White "Golizadeh,A"]
[Black "Rahmanov,Shahriyar"]
[Result "1-0"]
[WhiteElo "2481"]
[BlackElo "2245"]

1.e4 c5 2.Nf3 d6 3.Bb5+ Nc6 4.O-O Bd7 5.Re1 Nf6 6.c3 a6 7.Ba4 b5 8.Bc2 Bg4
9.h3 Bh5 10.d3 e5 11.Nbd2 Be7 12.Nf1 O-O 13.g4 Bg6 14.Ng3 d5 15.Qe2 dxe4
16.dxe4 Qc7 17.a4 c4 18.Nf5 Bc5 19.Bg5 Nd7 20.b4 cxb3 21.Bxb3 Rab8 22.axb5 axb5
23.Red1 Kh8 24.Ra6 f6 25.Be3 Bxe3 26.Qxe3 Rfd8 27.N3h4 Nb6 28.Qc5 Rxd1+ 29.Bxd1 Bf7
30.Nd6 Bc4 31.Nhf5 g6 32.Ne3 Kg7 33.Ndxc4 bxc4 34.Nd5 Nxd5 35.exd5 Rb1 36.Rxc6 Rxd1+
37.Kh2 Qd8 38.Rc7+ Kh6 39.Qa7 Qg8 40.Qe3+ g5 41.Qf3 Qd8 42.Qf5 Qh8 43.Rf7  1-0

[Event "6th Open"]
[Site "Dieppe FRA"]
[Date "2010.08.29"]
[Round "9"]
[White "Mouhamad,J"]
[Black "Houriez,C"]
[Result "1-0"]
[WhiteElo "2081"]
[BlackElo "2259"]

1.e4 c5 2.Nf3 d6 3.Bb5+ Nd7 4.a4 Nf6 5.Qe2 Qc7 6.O-O g6 7.c3 Bg7 8.d4 e5
9.Na3 O-O 10.dxe5 dxe5 11.Bc4 h6 12.Rd1 a6 13.Bb3 Qc6 14.Nc4 Nxe4 15.a5 Nef6
16.Ncxe5 Nxe5 17.Nxe5 Qe8 18.Re1 Bf5 19.Qf1 Qc8 20.Nxf7 Rxf7 21.Re7 Kh8 22.Rxf7 Ng4
23.Bf4 g5 24.Bg3 h5 25.Re1 h4 26.Bd6 Bg6 27.Qc4 h3 28.gxh3 Bxf7 29.Qxf7 Nh6
30.Qg6 Qxh3 31.Re8+ Rxe8 32.Qxe8+ Kh7 33.Bc2+ Nf5 34.Qf7 Qg4+ 35.Bg3  1-0

[Event "Centenary GM"]
[Site "Dun Laoghaire IRL"]
[Date "2010.08.29"]
[Round "9"]
[White "Astaneh Lopez,A"]
[Black "Bischoff,K"]
[Result "1-0"]
[WhiteElo "2367"]
[BlackElo "2553"]

1.e4 c5 2.Nf3 d6 3.Bb5+ Nd7 4.O-O Nf6 5.Re1 a6 6.Bd3 e6 7.c3 Be7 8.Bc2 Nb8
9.d4 cxd4 10.cxd4 d5 11.e5 Nfd7 12.Nc3 Nc6 13.Ne2 Nb6 14.Nf4 Bd7 15.b3 g6
16.Nh3 h6 17.Nf4 Qc7 18.Bb2 g5 19.Nh5 a5 20.Rc1 Nc8 21.h3 N8a7 22.Nh2 O-O-O
23.Ng4 Kb8 24.Ngf6 Bc8 25.a4 b5 26.Re3 Qb6 27.Rf3 Ka8 28.Bc3 Ba3 29.Rb1 Ba6
30.Ng4 Rd7 31.Rf6 Bf8 32.Qf3 Nd8 33.Bd3 Nac6 34.Qe3 Rb7 35.Kh2 Ka7 36.g3 Rc7
37.Ra1 bxa4 38.Bxa6 Qxa6 39.Rxa4 Qb5 40.Ra1 Kb6 41.Rf3 Nb4 42.Qd2 Ndc6 43.Ne3 Kb7
44.Nd1 Na7 45.Kg2 Qa6 46.Rc1 Nbc6 47.Nb2 Nb5 48.Na4 Ba3 49.Ra1 Nxc3 50.Rxc3 Bb4
51.Nc5+ Bxc5 52.Rxc5 Qb6 53.Qc3 Rhc8 54.Ra4 Nb4 55.Rxc7+ Rxc7 56.Qd2 Qb5
57.Nf6 Rc2 58.Rxb4  1-0

[Event "ch-RUS Higher League"]
[Site "Irkutsk RUS"]
[Date "2010.08.29"]
[Round "4"]
[White "Gabrielian,A"]
[Black "Loskutov,O"]
[Result "1-0"]
[WhiteElo "2559"]
[BlackElo "2463"]

1.e4 c5 2.Nf3 d6 3.Bb5+ Bd7 4.Bxd7+ Nxd7 5.O-O Ngf6 6.Qe2 e6 7.b3 g6 8.Bb2 Bg7
9.c4 O-O 10.d4 Nh5 11.Rd1 cxd4 12.Bxd4 Nf4 13.Qd2 Bxd4 14.Nxd4 Qf6 15.Nc3 Nc5
16.g3 Nfd3 17.Qe3 Nb4 18.Rd2 a5 19.Rad1 a4 20.a3 Nba6 21.b4 Nd7 22.Nf3 Nb6
23.e5 Qf5 24.Qxb6 Qxf3 25.Rd3 Qg4 26.Rd4 Qf3 27.R1d3 Qf5 28.exd6 e5 29.Re4  1-0

[Event "ch-RUS Higher League w"]
[Site "St Petersburg RUS"]
[Date "2010.08.29"]
[Round "4"]
[White "Manakova,M"]
[Black "Romanko,M"]
[Result "0-1"]
[WhiteElo "2306"]
[BlackElo "2411"]

1.e4 c5 2.Nf3 d6 3.Bb5+ Nc6 4.c3 Bd7 5.d4 a6 6.Bd3 cxd4 7.cxd4 Nf6 8.Nc3 Bg4
9.Be3 g6 10.O-O Bg7 11.h3 Bxf3 12.Qxf3 O-O 13.Rad1 Nd7 14.Bb1 Rc8 15.Qe2 b5
16.f4 b4 17.Na4 Qa5 18.b3 Na7 19.Rc1 Nb5 20.Rxc8 Rxc8 21.Qg4 Qd8 22.e5 e6
23.d5 exd5 24.e6 f5 25.Qf3 Nf6 26.Nb6 Rc5 27.Bxc5 dxc5 28.Nd7 Nd4 29.Nxf6+ Bxf6
30.Qd3 Qd6 31.Re1 Nxe6 32.Qe2 Nxf4 33.Qe8+ Kg7 34.Kf1 Nh5 35.Ke2 Bc3 36.Rd1 Qg3
37.Qe7+ Kh6 38.Qe3+ Nf4+  0-1

[Event "17th IM"]
[Site "Graz AUT"]
[Date "2010.08.30"]
[Round "3"]
[White "Lendwai,R"]
[Black "Gruskovnjak,T"]
[Result "1/2-1/2"]
[WhiteElo "2424"]
[BlackElo "2363"]

1.e4 c5 2.Nf3 d6 3.Bb5+ Bd7 4.Bxd7+ Qxd7 5.c4 Nf6 6.Nc3 g6 7.O-O Bg7 8.d4 cxd4
9.Nxd4 O-O 10.f3 Rc8 11.b3 Nc6 12.Be3 Qd8  1/2-1/2

[Event "ch-RUS Higher League"]
[Site "Irkutsk RUS"]
[Date "2010.08.30"]
[Round "5"]
[White "Shaposhnikov,E"]
[Black "Loskutov,O"]
[Result "1-0"]
[WhiteElo "2543"]
[BlackElo "2463"]

1.e4 c5 2.Nf3 d6 3.Bb5+ Bd7 4.Bxd7+ Nxd7 5.O-O Ngf6 6.Qe2 e6 7.b3 g6 8.d4 cxd4
9.Nxd4 Bg7 10.Rd1 O-O 11.Ba3 Ne8 12.c4 a6 13.Nc3 Qa5 14.Bb2 Nc7 15.Na4 Ne8
16.Rac1 Nc5 17.Nc3 Nc7 18.Qe3 Rfe8 19.Nc2 Bxc3 20.Bxc3 Qxa2 21.Bf6 Rec8 22.Nd4 Qa5
23.Nf3 Ne8 24.Bc3 Qc7 25.e5 dxe5 26.Nxe5 f6 27.b4 fxe5 28.Bxe5 Qe7 29.bxc5 Qxc5
30.Qe4 Qc6 31.Qh4 Qc5  1-0

[Event "TCh-SRB 1st League"]
[Site "Vrnjacka Banja SRB"]
[Date "2010.08.30"]
[Round "10"]
[White "Kovacevic,Draga"]
[Black "Ristic,Nen"]
[Result "0-1"]
[WhiteElo "2282"]
[BlackElo "2413"]

1.e4 c5 2.Nf3 d6 3.Bb5+ Bd7 4.Bxd7+ Nxd7 5.O-O Ngf6 6.Re1 e6 7.d4 cxd4 8.Qxd4 Be7
9.c4 O-O 10.Nc3 a6 11.Bg5 h6 12.Bh4 Rc8 13.Rad1 Qc7 14.b3 b5 15.Rc1 bxc4
16.Na4 Qa5 17.Bxf6 gxf6 18.Nd2 Ne5 19.f4 Nd3 20.Nxc4 Nxe1 21.Nxa5 Rxc1 22.Kf2 Rfc8
23.Nc4 d5 24.exd5 exd5 25.Qxd5 Rd8 26.Qh5 Bb4 27.Qxh6 Rc2+ 28.Ke3 Rd3+ 29.Ke4 Re2+
30.Kf5  0-1

[Event "1st Campomanes Memorial Cup Open"]
[Site "Manila PHI"]
[Date "2010.08.31"]
[Round "5"]
[White "Chan Wei Xuan,T"]
[Black "Nguyen Huynh Minh Huy"]
[Result "1/2-1/2"]
[WhiteElo "2338"]
[BlackElo "2466"]

1.e4 c5 2.Nf3 d6 3.Bb5+ Nd7 4.d4 cxd4 5.Qxd4 a6 6.Bxd7+ Bxd7 7.Nc3 e5 8.Qd3 h6
9.Be3 Nf6 10.Nd2 Rc8 11.Nc4 Be6 12.Nb6 Rc6 13.Nbd5 Be7 14.O-O O-O 15.Rad1 Re8
16.Rfe1 Bf8 17.f3 Nd7 18.Bf2 Qc8 19.Rd2 b6 20.a4 Qb7 21.Na2 Ra8 22.c4 Rcc8
23.Nac3 Qc6 24.b3 Rab8 25.Rb1 g6 26.Bh4 Re8 27.Ne3 h5 28.Bf2 Rec8 29.Rbd1 Kh7
30.Kh1 Nf6 31.Qb1 Qb7 32.Bh4 Ne8 33.Rd3 Nc7 34.Ncd5 Nxd5 35.Nxd5 b5 36.cxb5 axb5
37.a5 Bxd5 38.Rxd5 b4 39.Be1  1/2-1/2

[Event "7th Malaysia Open"]
[Site "Kuala Lumpur MAS"]
[Date "2010.09.02"]
[Round "2"]
[White "Xu Huahua"]
[Black "Low Jun Keat"]
[Result "1-0"]
[WhiteElo "2079"]
[BlackElo "1835"]

1.e4 c5 2.Nf3 d6 3.Bb5+ Bd7 4.Bxd7+ Nxd7 5.O-O Ngf6 6.Re1 e6 7.b3 Be7 8.d4 cxd4
9.Nxd4 a6 10.c4 O-O 11.Nc3 Nb6 12.Bb2 Rc8 13.Qf3 Rc5 14.Rad1 Qc7 15.Re3 Nfd7
16.Qh3 Ne5 17.Ba3 Bg5 18.Re2 Ng6 19.Rc2 Nd7 20.Bxc5 Nxc5 21.g3 f5 22.exf5 exf5
23.b4 Ne4 24.Nxe4 fxe4 25.Ne6 Qd7 26.Nxg5  1-0

[Event "7th Malaysia Open"]
[Site "Kuala Lumpur MAS"]
[Date "2010.09.02"]
[Round "3"]
[White "Mok Tze Meng"]
[Black "Arun Prasad,S"]
[Result "1/2-1/2"]
[WhiteElo "2416"]
[BlackElo "2535"]

1.e4 c5 2.Nf3 d6 3.Bb5+ Nd7 4.O-O a6 5.Bxd7+ Bxd7 6.c4 Nf6 7.Nc3 e6 8.d4 cxd4
9.Qxd4 Be7 10.e5 dxe5 11.Nxe5 Rc8 12.Rd1 Bc6 13.Qxd8+ Bxd8 14.b3 Ba5 15.Bd2 O-O
16.Nxc6 Rxc6 17.Ne4 Bxd2 18.Nxf6+ gxf6 19.Rxd2 Rfc8 20.g3 b5 21.cxb5 axb5
22.a4 Rc1+ 23.Rxc1 Rxc1+ 24.Kg2 bxa4 25.bxa4 Ra1 26.Rd4 Ra3 27.Rg4+ Kf8 28.Rh4 Kg7
29.Rg4+ Kf8 30.Rh4  1/2-1/2

[Event "7th Malaysia Open"]
[Site "Kuala Lumpur MAS"]
[Date "2010.09.02"]
[Round "3"]
[White "Wang Chen"]
[Black "Yeap,E"]
[Result "1-0"]
[WhiteElo "2404"]
[BlackElo "2121"]

1.e4 c5 2.Nf3 d6 3.Bb5+ Nc6 4.O-O Bd7 5.c3 Nf6 6.Re1 g6 7.d4 Bg7 8.e5 dxe5
9.dxe5 Ng4 10.Bf4 O-O 11.Bf1 Be6 12.Qe2 Bd5 13.Nbd2 f6 14.exf6 exf6 15.Qb5 g5
16.Bg3 f5 17.h3 f4 18.hxg4 fxg3 19.fxg3 Qd6 20.Bc4 Kh8 21.Bxd5 Qxd5 22.Ne4 h6
23.Qxc5 Qd7 24.Nf2 Rae8 25.Rad1 Qf7 26.Rxe8 Rxe8 27.Qd5 Qxd5 28.Rxd5 Re2
29.Rd2 Rxd2 30.Nxd2 b5 31.Nd3 Kg8 32.Kf2 Kf7 33.Ke3 Ke6 34.Ke4 a5 35.Nf3 a4
36.a3 Kd6 37.Nd2 Be5 38.c4 b4 39.c5+ Ke6 40.Nxe5 Nxe5 41.axb4 Nxg4 42.Kd4 Nf2
43.b5 Nd1 44.b6 Kd7 45.Nc4 Nxb2 46.Kd5 Nd3 47.c6+ Kd8 48.c7+ Kd7 49.Nd6 Nb4+
50.Kc4  1-0

[Event "5th XtraCon Open"]
[Site "Borup DEN"]
[Date "2010.09.03"]
[Round "1"]
[White "Jensen,Ste"]
[Black "Jorgensen,Morten"]
[Result "1-0"]
[WhiteElo "2063"]
[BlackElo "1785"]

1.e4 c5 2.Nf3 d6 3.Bb5+ Nc6 4.O-O Nf6 5.Re1 e5 6.c3 a6 7.Bxc6+ bxc6 8.h3 Be7
9.d4 cxd4 10.cxd4 Nd7 11.b3 O-O 12.Bb2 f6 13.Nbd2 Nb6 14.Rc1 Bd7 15.Nf1 Ra7
16.Ba3 Re8 17.Qd3 Qc8 18.Ne3 Bf8 19.dxe5 dxe5 20.Bc5 Bxc5 21.Rxc5 Be6 22.Qc2 Kf7
23.Rc1 Bd7 24.Kh2 g6 25.Ne1 Kg7 26.Nd3 f5 27.Nxe5 fxe4 28.Nxd7 Qxd7 29.Rxc6  1-0

[Event "7th Malaysia Open"]
[Site "Kuala Lumpur MAS"]
[Date "2010.09.04"]
[Round "5"]
[White "Yu Ruiyuan"]
[Black "Arun Prasad,S"]
[Result "0-1"]
[WhiteElo "2381"]
[BlackElo "2535"]

1.e4 c5 2.Nf3 d6 3.Bb5+ Nd7 4.d4 cxd4 5.Qxd4 a6 6.Bxd7+ Bxd7 7.O-O Rc8 8.Nc3 e5
9.Qd3 h6 10.Nd2 Be6 11.Rd1 Nf6 12.Nf1 Qc7 13.Ne3 Be7 14.Bd2 O-O 15.Rac1 Bc4
16.Nxc4 Qxc4 17.Be3 b5 18.Nd5 Nxd5 19.Qxd5 Qxd5 20.Rxd5 Rc4 21.f3 Rfc8 22.c3 f6
23.Kf2 Kf7 24.Ke2 Ke6 25.Kd3 f5 26.b3 R4c6 27.c4 f4 28.Bd2 g5 29.Rc3 bxc4+
30.Rxc4 Rxc4 31.bxc4 h5 32.Ra5 Rc6 33.Ra3 Bd8 34.Rb3 Bb6 35.a4 g4 36.Rb1 Kf6
37.a5 Bc5 38.Rb8 Rc7 39.Ra8 Rb7 40.Rxa6 Rb3+ 41.Ke2 Rb1 42.Ra8 Rg1 43.fxg4 Rxg2+
44.Kd3 Rxh2 45.gxh5 Rxh5 46.Ke2 Ke6 47.Rb8 Rh2+ 48.Kd3 Rh3+ 49.Kc2 f3 50.Rf8 f2
51.Kd1 Rh4  0-1

[Event "7th Malaysia Open"]
[Site "Kuala Lumpur MAS"]
[Date "2010.09.04"]
[Round "6"]
[White "Xu Huahua"]
[Black "Nguyen Thi Thanh An"]
[Result "0-1"]
[WhiteElo "2079"]
[BlackElo "2306"]

1.e4 c5 2.Nf3 d6 3.Bb5+ Bd7 4.Bxd7+ Qxd7 5.O-O Nc6 6.c3 Nf6 7.Re1 e6 8.d4 cxd4
9.cxd4 d5 10.e5 Ne4 11.Nbd2 Nxd2 12.Bxd2 Be7 13.a3 O-O 14.Bg5 Rfc8 15.Qd2 b6
16.Re3 Na5 17.Qe2 Rc4 18.b3 Rc7 19.b4 Nc4 20.Rd3 Rac8 21.h4 h6 22.Bf4 a5
23.Ne1 Kh7 24.Qh5 Bf8 25.Rg3 axb4 26.axb4 Ra7 27.Rxa7 Qxa7 28.Nf3 g6 29.Qg4 Be7
30.Bc1 Nd6 31.Qf4 Nf5 32.Kh2 Rxc1 33.Qxc1 Nxg3 34.Kxg3 Bxb4 35.Qb1 Be7 36.Qb5 Kg7
37.Qe8 Qb7 38.Qb5 Qc7 39.Qe8 Bb4 40.Qb5 Bc3 41.Kh2 Bxd4  0-1

[Event "7th LGA Premium Cup"]
[Site "Nuremberg GER"]
[Date "2010.09.04"]
[Round "5"]
[White "Heimrath,R"]
[Black "Karasek,L"]
[Result "1-0"]
[WhiteElo "2231"]
[BlackElo "2183"]

1.e4 c5 2.Nf3 d6 3.Bb5+ Bd7 4.a4 Nf6 5.d3 Nc6 6.c3 e6 7.O-O Be7 8.Re1 O-O
9.Bg5 a6 10.Bxc6 Bxc6 11.a5 Ng4 12.Bxe7 Qxe7 13.Nbd2 Ne5 14.d4 Nxf3+ 15.Nxf3 d5
16.Ne5 c4 17.f4 Qc7 18.f5 exf5 19.exf5 f6 20.Nxc6 bxc6 21.b3 cxb3 22.Qxb3 Rab8
23.Qa4 Rb2 24.Ra2 Rb5 25.g3 c5 26.Qd1 cxd4 27.cxd4 Rxa5 28.Rae2 Qc8 29.Re6 Ra2
30.Qg4 g6 31.fxg6 h6 32.g7 Rd8 33.Qg6 Qc2 34.Re8+  1-0

[Event "TCh-ROU Superliga"]
[Site "Baile Herculane ROU"]
[Date "2010.09.05"]
[Round "2"]
[White "Spasov,V"]
[Black "Volokitin,And"]
[Result "0-1"]
[WhiteElo "2621"]
[BlackElo "2661"]

1.e4 c5 2.Nf3 d6 3.Bb5+ Nd7 4.O-O a6 5.Bxd7+ Bxd7 6.d4 cxd4 7.Qxd4 Rc8 8.Nc3 e5
9.Qd3 h6 10.Be3 Nf6 11.a4 Be7 12.a5 Be6 13.Rfd1 O-O 14.Nh4 Rc6 15.Nf5 Bxf5
16.exf5 Qc8 17.h3 Rd8 18.Bb6 Rd7 19.Qf3 Bd8 20.Be3 Rc4 21.Nd5 Rxc2 22.Ra4 Qc6
23.Rg4 Nxg4 24.Qxg4 Qc4 25.Qg3 Bh4 26.Qf3 Qe2 27.Qxe2 Rxe2 28.b4 Rc2 29.g3 Bg5
30.Bb6 Rb2 31.f4 exf4 32.gxf4 Bh4 33.Kf1 Rc2 34.Rd3 f6 35.Nc3 Re7 36.Be3 Kf7
37.Bd2 g5 38.fxg6+ Kxg6 39.Rxd6 Rb2 40.Rd4 f5 41.Rd6+ Kf7 42.Rd5 Bf6 43.Na4 Rb1+
44.Kg2 Re4 45.Rd7+ Ke8 46.Rd3 Rd4 47.Re3+ Kf7 48.Re2 Ra1  0-1

[Event "17th Open A"]
[Site "Graz AUT"]
[Date "2010.09.05"]
[Round "9"]
[White "Kasparov,S"]
[Black "Danner,G"]
[Result "1/2-1/2"]
[WhiteElo "2492"]
[BlackElo "2418"]

1.e4 c5 2.Nf3 d6 3.Bb5+ Bd7 4.Bxd7+ Nxd7 5.O-O Ngf6 6.Qe2 e6 7.b3 Be7 8.Bb2 O-O
9.c4 a6 10.d3 Rb8 11.Nbd2 Qc7 12.Ne1 Ne5 13.f4 Ng6 14.g3 Nd7 15.Ng2 Bf6 16.Bxf6 Nxf6
17.g4 Ne7 18.g5 Nd7 19.Rf3 f6 20.gxf6 Rxf6 21.Rg3 Nc6 22.Nf3 Nf8 23.Rf1  1/2-1/2

[Event "7th LGA Premium Cup"]
[Site "Nuremberg GER"]
[Date "2010.09.05"]
[Round "6"]
[White "Schramm,C"]
[Black "Zude,E"]
[Result "1/2-1/2"]
[WhiteElo "2322"]
[BlackElo "2406"]

1.e4 c5 2.Nf3 d6 3.Bb5+ Bd7 4.Bxd7+ Qxd7 5.O-O Nf6 6.Re1 Nc6 7.c3 e6 8.d4 cxd4
9.cxd4 d5 10.e5 Ne4 11.Nbd2 Nxd2 12.Bxd2 Be7 13.Rc1 O-O 14.Rc3 Rfc8 15.a3 b5
16.Rd3 h6 17.g4 Qd8 18.Kh1 Bf8 19.g5 h5 20.g6 fxg6 21.Rg1 Qe8 22.Nh4 Ne7
23.Bb4 Nf5 24.Nxf5 exf5 25.Bxf8 Kxf8 26.Rdg3 Rc6 27.Qd3 Qf7 28.Qxb5 Rac8
29.f4 Rc1 30.Rc3 R1xc3 31.bxc3 Kg8 32.Qa6 Rxc3 33.Qd6 Kh7 34.Rb1 Qe8 35.Rb7  1/2-1/2

[Event "7th LGA Premium Cup"]
[Site "Nuremberg GER"]
[Date "2010.09.05"]
[Round "6"]
[White "Mons,L"]
[Black "Rotstein,J"]
[Result "0-1"]
[WhiteElo "2178"]
[BlackElo "2310"]

1.e4 c5 2.Nf3 d6 3.Bb5+ Nd7 4.d4 cxd4 5.Qxd4 Nf6 6.Bg5 a6 7.Bxd7+ Nxd7 8.O-O Qc7
9.c4 f6 10.Be3 Ne5 11.Nxe5 dxe5 12.Qd3 Be6 13.b3 Rd8 14.Qe2 Qc6 15.Nc3 g6
16.Rad1 Rxd1 17.Rxd1 Bg7 18.c5 O-O 19.b4 b5 20.Nd5 Re8 21.f3 Kf7 22.Nb6 f5
23.Qc2 Rb8 24.Nd5 f4 25.Bf2 g5 26.Rd2 h5 27.Qd1 Rg8 28.Nc3 g4 29.Bh4 Bf8
30.Kh1 Bc4 31.Rd8 Qe6 32.Rb8 gxf3 33.Qxf3 Qg4 34.Qxg4 hxg4 35.c6 g3 36.c7 Be6
37.c8=Q Bxc8 38.Rxc8 Rg4 39.h3 Rxh4 40.Rc6 e6 41.a3 Be7 42.Rc8 Rh7 43.Kg1 Kg6
44.Kf1 Rf7 45.Ke2 Bh4 46.Kf3 Rd7 47.Rc6 Kf7 48.Kg4 Be7 49.h4 Rd3 50.Kh3 f3
51.gxf3 g2 52.Kxg2 Bxh4 53.Rc7+ Kg6 54.Rc8 Bg5 55.Rg8+ Kf6 56.Rxg5 Kxg5  0-1

[Event "7th LGA Premium Cup"]
[Site "Nuremberg GER"]
[Date "2010.09.05"]
[Round "6"]
[White "Puehn,G"]
[Black "Osmanovic,F"]
[Result "1-0"]
[WhiteElo "1961"]
[BlackElo "2118"]

1.e4 c5 2.Nf3 d6 3.Bb5+ Nc6 4.O-O Bd7 5.Re1 Nf6 6.c3 a6 7.Bf1 Bg4 8.h3 Bh5
9.d3 e6 10.Nbd2 Be7 11.g4 Bg6 12.Nh2 h5 13.f4 hxg4 14.hxg4 Nd7 15.f5 Bh7
16.Bg2 Qc7 17.Ndf3 O-O-O 18.Bf4 e5 19.Bg3 g6 20.b4 gxf5 21.exf5 f6 22.a4 Rdg8
23.b5 Na5 24.bxa6 bxa6 25.Nh4 Rg7 26.Qf3 Qa7 27.Rab1 Kc7 28.Rb2 Rb8 29.Reb1 Rxb2
30.Rxb2 Bg8 31.c4 Bf7 32.Be1 Nxc4 33.Rb7+ Qxb7 34.Qxb7+ Kd8 35.dxc4 Bxc4
36.Ba5+ Ke8 37.Qc8+ Kf7 38.Qxd7  1-0

[Event "11th WUCC Women"]
[Site "Zuerich SUI"]
[Date "2010.09.05"]
[Round "1"]
[White "Lindiawati,E"]
[Black "Guramishvili,S"]
[Result "0-1"]
[WhiteElo "2133"]
[BlackElo "2343"]

1.e4 c5 2.Nf3 d6 3.Bb5+ Nc6 4.d4 cxd4 5.Nxd4 Bd7 6.Nc3 Nf6 7.Bg5 e6 8.f4 Qb6
9.Nb3 Be7 10.Qf3 h6 11.Bxf6 Bxf6 12.Bd3 Rc8 13.Qf2 Qxf2+ 14.Kxf2 Nb4 15.Ke2 Bxc3
16.bxc3 Rxc3 17.Kd2 Rc7 18.Rhc1 Ke7 19.Be2 Rhc8 20.c3 Nc6 21.Rab1 a6 22.c4 Na7
23.Nd4 Rd8 24.Ke3 Nc6 25.Nb3 Bc8 26.Rb2 f5 27.exf5 exf5 28.Bf3 Kf6 29.Rd2 Be6
30.a3 Ne7 31.Be2 d5 32.Bf3 Rdc8 33.c5 b6 34.Rdc2 d4+ 35.Nxd4 Rxc5 36.Rxc5 Rxc5
37.Rxc5 bxc5 38.Ne2 Nd5+ 39.Kd3 Nb6 40.Nc3 Bb3 41.Bb7 a5 42.g3 Ke6 43.Nb1 Kd6
44.Nd2 Be6 45.Bf3 Bd5 46.Be2 Kc6 47.Kc3 Na4+ 48.Kc2 Nb6 49.Kc3 Be6 50.Bf3+ Kb5
51.Bd1 Na4+ 52.Kc2 Bd5 53.Be2+ c4 54.Nb3 Nb6 55.Kc3 Ka4 56.Nd4 Kxa3 57.Nxf5 Na4+
58.Kd4 c3 59.Ne3 Bb3 60.Bd3 Kb2 61.g4 Nb6 62.Bb5 Nd5  0-1